00262nam a2200109Ia 4500008004100000100001700041245003500058250000600093260003600099300000900135650000800144191201s2007 xx 000 0 und d aSINHA, Umesh 0aNetwork Analysis and Synthesis a- c2007bKhanna PublisheraN.Delhi a1047 aECE